000 01526cam a2200301 a 4500
001 2747
003 FISKH
005 20240112101337.0
008 061229s2006 mnua c 000 1 eng
020 _a0196382343
040 _aDLC
_cDLC
_beng
_dFISKH
042 _alcac
050 0 0 _aPZ7.7.E34
_bWar 2005
082 0 0 _a[Fic]
_222
100 1 _aWells, H.G.
_d1866-1946
_qHerbert George Wells
245 1 4 _aThe war of the worlds
246 3 0 _aWar of the worlds
250 _aFourth impression
260 _aHong Kong :
_bOxford University Press,
_c1975
300 _a90 pages :
_bcolor illustrations, maps ;
_c22 cm.
520 _aThe War of the Worlds is a science fiction novel by English author H. G. Wells. It was written between 1895 and 1897,[2] and serialised in Pearson's Magazine in the UK and Cosmopolitan magazine in the US in 1897. The full novel was first published in hardcover in 1898 by William Heinemann. The War of the Worlds is one of the earliest stories to detail a conflict between humankind and an extraterrestrial race.[3] The novel is the first-person narrative of an unnamed protagonist in Surrey and his younger brother in London as southern England is invaded by Martians. It is one of the most commented-on works in the science fiction canon
650 1 _aGraphic novels.
650 1 _aScience fiction.
655 0 _aGraphic novels.
700 1 _aWells, H. G.
_q(Herbert George),
_d1866-1946.
_tWar of the worlds.
906 _a0
_bibc
_corigcop
_d2
_encip
_f20
_gy-gencatlg
942 _2ddc
_cBK
_n0
999 _c2747
_d2747